000 00555nam a2200181Ia 4500
003 GCL
008 140319s9999 xx 000 0 ara d
040 _aGCL /
_cGCL
082 0 4 _a251.1
_bا و
100 1 _aشمس الدين بن عبدالله
245 1 0 _aالوسواس الخناس /
_cشمس الدين بن عبدالله
260 _a[S.N] :
_bمكتبة التراث الاسلامى ،
_c1984
300 _a155ص
490 _a
650 0 4 _aالشريعة الاسلامية
650 0 4 _aالفقه الاسلامى
942 _2ddc
_cBK
999 _c29445
_d29445